[Event "38th Sitges Open"]
[Site "Sitges ESP"]
[Date "2012.07.24"]
[Round "5.5"]
[White "Munoz Pantoja,M"]
[Black "Arenas,D"]
[Result "1/2-1/2"]
[WhiteElo "2496"]
[BlackElo "2406"]

1.e4 c5 2.Nf3 d6 3.Bb5+ Nc6 4.d4 cxd4 5.Nxd4 Bd7 6.c4 g6 7.Be3 Bg7 8.Nc3 Nf6
9.f3 O-O 10.Bxc6 bxc6 11.O-O Qc7 12.Rc1 e5 13.Nde2 Be6 14.Nd5 Qb7 15.Nxf6+ Bxf6
16.b3 d5 17.cxd5 cxd5 18.exd5 Bxd5 19.Nc3 Bc6 20.Qd6 Bg7 21.Rfd1 e4 22.Nxe4 Bxe4
23.Rc7 Qb5 24.fxe4 Rae8 25.Qd3 Qh5 26.Rc5 Qh4 27.Bf2 Qxe4 28.Qxe4 Rxe4 29.Ra5 Re2
30.Rxa7 Rc8 31.Kf1 Rb2 32.Be3 Be5 33.Rd2 Rb1+ 34.Ke2 Bxh2 35.Rad7 Kg7 36.Rd1 Rb2+
37.R7d2 Rxd2+ 38.Rxd2 Be5 39.b4 Rb8 40.a3 h5 41.Kd3 f5 42.Kc4 f4 43.Bc5 h4
44.a4 f3 45.gxf3 h3 46.Bd4 Rc8+ 47.Kb3 Kf6 48.a5 Rh8 49.Bxe5+ Kxe5 50.Rd1 h2
51.Rh1 Kd5 52.f4 Kc6 53.Kc4 Rh5 54.Kd4 Kb5 55.Ke3 Rh3+ 56.Kd4 Rh5 57.Ke3 g5
58.f5 g4 59.Kf4 Rxf5+  1/2-1/2

[Event "27th Avoine Open"]
[Site "Avoine FRA"]
[Date "2012.07.25"]
[Round "5.43"]
[White "Ollier,M"]
[Black "Hartmann,D"]
[Result "0-1"]
[WhiteElo "2157"]
[BlackElo "1910"]

1.e4 c5 2.Nf3 d6 3.Bb5+ Bd7 4.Bxd7+ Nxd7 5.O-O e5 6.c3 g6 7.d4 Bg7 8.Na3 Ngf6
9.dxe5 dxe5 10.Qc2 O-O 11.Nc4 Qc7 12.a4 Ne8 13.Ne3 Ndf6 14.Rd1 Nd6 15.Nd5 Nxd5
16.Rxd5 Nc4 17.b4 b6 18.bxc5 bxc5 19.Ba3 Nxa3 20.Rxa3 c4 21.Ra1 Rad8 22.Rad1 Rxd5
23.Rxd5 h6 24.Qd1 Rb8 25.h4 Rb2 26.Rd8+ Kh7 27.h5 Qb6 28.hxg6+ fxg6 29.Rd2 Rb1  0-1

[Event "23rd Czech Open A"]
[Site "Pardubice CZE"]
[Date "2012.07.25"]
[Round "6.18"]
[White "Velicka,P"]
[Black "Jaracz,P"]
[Result "1/2-1/2"]
[WhiteElo "2462"]
[BlackElo "2530"]

1.e4 c5 2.Nf3 d6 3.Bb5+ Nc6 4.Bxc6+ bxc6 5.O-O Bg4 6.d3 Nf6 7.Nbd2 e5 8.h3 Bh5
9.c3 Be7 10.Qa4 Qc7 11.d4 exd4 12.cxd4 Nd7 13.b3 a5 14.dxc5 Nxc5 15.Qc4 O-O
16.Bb2 Rfe8 17.Rac1 Qb7 18.Qc3 Bf6 19.e5 Rxe5 20.Nc4 Rd5 21.Qe3 Bxb2 22.Nxb2 Ne6
23.Nc4 Bxf3 24.Qxf3 a4 25.Ne3 Rc5 26.Nf5 axb3 27.axb3 Rd5 28.Ne3 Rc5 29.Nf5 Rd8
30.Rxc5 dxc5 31.Rd1 Rxd1+ 32.Qxd1 g6 33.Nd6 Qd7 34.Qd2 Kf8 35.Qh6+ Ke7 36.Ne4 Qd4
37.Ng3 Qd1+ 38.Kh2 Qxb3 39.Qh4+ Kf8 40.Qxh7 Qb2 41.f4 Qg7 42.Qxg7+ Kxg7 43.f5 Nd4
44.fxg6 c4 45.Ne4 f5 46.Nc3 Nb5 47.Ne2 c3 48.g4 f4 49.Nxf4 c2 50.Ne2 Nd4
51.Nc1 c5 52.Kg3 c4 53.Kf4 Nb3 54.Ke3 Nxc1 55.Kd2 Nd3 56.Kxc2 Kxg6 57.Kc3 Ne5
58.h4 Kf6 59.Kd4 Ke6 60.h5 Kf6  1/2-1/2

[Event "Open ch-BUL w 2012"]
[Site "Vratsa BUL"]
[Date "2012.07.25"]
[Round "3.1"]
[White "Ionescu,I"]
[Black "Dragomirescu,An"]
[Result "1/2-1/2"]
[WhiteElo "2247"]
[BlackElo "2242"]

1.e4 c5 2.Nf3 d6 3.Bb5+ Bd7 4.Bxd7+ Qxd7 5.O-O Nc6 6.d4 cxd4 7.Nxd4 Nf6 8.Nc3 g6
9.f3 Bg7 10.Be3 O-O 11.Qd2 Rac8 12.Rad1 a6 13.Rfe1 b5 14.a3 Qb7 15.Qf2 Nd7
16.Nxc6 Rxc6 17.Bd4 Bxd4 18.Qxd4 Rfc8 19.Nd5 Nb6 20.Nxb6 Qxb6 21.Qxb6 Rxb6
22.c3 Kf8 23.Kf2 Rbc6 24.Rd4 h5 25.h4 Rc4 26.Red1 Ke8 27.Ke3 Rxd4 28.Rxd4 Rc5
29.Rd2 Kd7 30.Kf2 Ke6 31.Ke3 Kf6  1/2-1/2

[Event "45th Biel Masters Open"]
[Site "Biel SUI"]
[Date "2012.07.26"]
[Round "4"]
[White "Pavlovic,Milos"]
[Black "Konguvel,P"]
[Result "1-0"]
[WhiteElo "2530"]
[BlackElo "2319"]

1.e4 c5 2.Nf3 d6 3.Bb5+ Bd7 4.Bxd7+ Qxd7 5.O-O Nf6 6.Qe2 Nc6 7.c3 e6 8.d4 cxd4
9.cxd4 d5 10.e5 Ne4 11.Be3 Be7 12.Ne1 f6 13.f3 Ng5 14.Nd3 O-O 15.Nd2 b6 16.Rac1 Rac8
17.Rfd1 fxe5 18.dxe5 Nf7 19.f4 Nh6 20.Nb3 Nf5 21.Bf2 Qb7 22.Rc3 Nb4 23.Rxc8 Rxc8
24.g4 Nxd3 25.Rxd3 Nh6 26.h3 Rc4 27.Nd4 Qc8 28.b3 Rc1+ 29.Rd1 Nf7 30.Kg2 Rxd1
31.Qxd1 Bc5 32.Qc2 Qd7 33.Nf3 Bxf2 34.Kxf2 g6 35.Nd4 Nd8 36.Kg3 a5 37.a3 Kf8
38.h4 Nb7 39.b4 axb4 40.axb4 Nd8 41.Qc3 Ke8 42.Qa3 Qc7 43.Nb5 Qc2 44.Nd6+ Kf8
45.Qe3 Nc6 46.b5 d4 47.Qf3 Nb8 48.f5 gxf5 49.gxf5 Qc3 50.fxe6+ Qxf3+ 51.Kxf3 Ke7
52.Ke4 Kxe6 53.Nf5 d3 54.Nd4+ Ke7 55.Kxd3 Nd7 56.Ke4 h5 57.Kd5 Nf8 58.e6 Ng6
59.Nf5+ Kf6 60.e7 Kf7 61.Kd6 Ke8 62.Ng7+  1-0

[Event "21st Kavala Open A"]
[Site "Kavala GRE"]
[Date "2012.07.26"]
[Round "2"]
[White "Stany,G"]
[Black "Papaioannou,I"]
[Result "1/2-1/2"]
[WhiteElo "2393"]
[BlackElo "2597"]

1.e4 c5 2.Nf3 d6 3.Bb5+ Nd7 4.d4 cxd4 5.Qxd4 a6 6.Bxd7+ Bxd7 7.Bg5 Rc8 8.Nc3 h6
9.Bh4 e5 10.Qd3 g5 11.Bg3 Nf6 12.O-O-O Be7 13.h4 g4 14.Nd2 b5 15.a3 Qb6 16.Nf1 Rxc3
17.Qxc3 Nxe4 18.Qe1 Qc6 19.f3 Nc5 20.Qc3 gxf3 21.gxf3 Rg8 22.Bf2 Ne6 23.Qxc6 Bxc6
24.Nd2 f5 25.Rdg1 Rh8 26.Be3 Kf7 27.Rh3 d5 28.Nb3 d4 29.Bd2 Bd5 30.Re1 Bf6
31.Na5 e4 32.fxe4 fxe4 33.Rf1 Nc5 34.Bb4 Nd7 35.Nb3 Bxb3 36.Rxb3 Ke6 37.a4 Bxh4
38.axb5 axb5 39.Ra3 Bg5+ 40.Kd1 Rb8 41.Ra6+ Rb6 42.Rxb6+ Nxb6 43.Bc5 Nc4
44.Bxd4  1/2-1/2

[Event "99th ch-GBR 2012"]
[Site "North Shields ENG"]
[Date "2012.07.26"]
[Round "4.4"]
[White "Shaw,Robe"]
[Black "Holland,J"]
[Result "0-1"]
[WhiteElo "2220"]
[BlackElo "2200"]

1.e4 c5 2.Nf3 d6 3.Bb5+ Bd7 4.Bxd7+ Qxd7 5.c4 Nc6 6.O-O Nf6 7.Nc3 g6 8.d3 Bg7
9.h3 O-O 10.Be3 e6 11.Rc1 Rfd8 12.d4 cxd4 13.Nxd4 Rac8 14.Qe2 Nxe4 15.Nxe4 Nxd4
16.Bxd4 Bxd4 17.Rfd1 Be5 18.Rxd6 Qc7 19.Rxd8+ Rxd8 20.b3 Bd4 21.c5 Qe5 22.Qf3 Rd7
23.b4 Qf5 24.Qxf5 gxf5 25.Nd6 Be5 26.Nc4 Bf4 27.Rb1 Kf8 28.g3 Bg5 29.Ne5 Rc7
30.Rd1 Ke7 31.f4 Bf6 32.Kf2 b6 33.Rc1 bxc5 34.bxc5 Bxe5 35.fxe5 Kd7 36.g4 fxg4
37.hxg4 Kc6 38.Ke3 Kd5 39.Kf4 Rxc5 40.Rd1+ Kc6 41.Rd6+ Kc7 42.Rd4 h6 43.a4 a5
44.Re4 Rc1 45.Kg3 Rc3+ 46.Kh4 Kd7 47.Rf4 Ke7 48.Re4 Rb3 49.Rc4 Rb4 50.Rc5 Rxa4
51.Kh5 Kd7 52.Kxh6 Rxg4 53.Rxa5 Kc6 54.Kh5 Rg1  0-1

[Event "23rd Czech Open A"]
[Site "Pardubice CZE"]
[Date "2012.07.26"]
[Round "7.14"]
[White "Simacek,P"]
[Black "Hess,Ro"]
[Result "0-1"]
[WhiteElo "2478"]
[BlackElo "2639"]

1.e4 c5 2.Nf3 d6 3.Bb5+ Nc6 4.O-O Bd7 5.Re1 a6 6.Bxc6 Bxc6 7.d4 cxd4 8.Nxd4 Rc8
9.c4 Nf6 10.f3 Bd7 11.b3 b5 12.cxb5 axb5 13.a4 bxa4 14.bxa4 g6 15.Be3 Bg7
16.Qd2 O-O 17.a5 Rc5 18.a6 Qc7 19.a7 Ra8 20.Na3 Ne8 21.Rab1 Rxa7 22.Ndc2 Bc3
23.Qf2 Bxe1 24.Rxe1 Rxc2 25.Nxc2 Ra2 26.Re2 Bb5 27.Rd2 Ra1+  0-1

[Event "23rd Czech Open A"]
[Site "Pardubice CZE"]
[Date "2012.07.26"]
[Round "7.98"]
[White "Olsarova,K"]
[Black "Poleg,Matan"]
[Result "1/2-1/2"]
[WhiteElo "2256"]
[BlackElo "2037"]

1.e4 c5 2.Nf3 d6 3.Bb5+ Bd7 4.Bxd7+ Qxd7 5.c4 Nf6 6.Nc3 Nc6 7.d4 cxd4 8.Nxd4 g6
9.O-O Bg7 10.Nde2 O-O 11.f3 a6 12.a4 e6 13.Be3 Qc7 14.b3 Nd7 15.Rb1 Nb4 16.Qd2 Nc5
17.Rfd1 Rfd8 18.Nf4 Rac8 19.Nce2 Nc6 20.Kh1 Na5 21.Nc1 Nc6 22.Ncd3 Na5 23.Qb4 Bf6
24.Nxc5 dxc5 25.Rxd8+ Bxd8 26.Qc3 Nc6 27.Nd3 b6 28.Bf4 Qe7 29.Rd1 Bc7 30.Bxc7 Rxc7
31.Nc1 Rd7 32.Rd3  1/2-1/2

[Event "23rd Czech Open A"]
[Site "Pardubice CZE"]
[Date "2012.07.26"]
[Round "7.21"]
[White "Jaracz,P"]
[Black "Dann,M"]
[Result "1-0"]
[WhiteElo "2530"]
[BlackElo "2428"]

1.e4 c5 2.Nf3 d6 3.Bb5+ Bd7 4.Bxd7+ Qxd7 5.O-O Nf6 6.Qe2 Nc6 7.Rd1 e6 8.d4 cxd4
9.Nxd4 Be7 10.c4 Nxd4 11.Rxd4 Qc6 12.Nc3 Nd7 13.Rd1 a6 14.Bf4 Ne5 15.Rac1 Ng6
16.Be3 O-O 17.b3 Bf6 18.f3 Be5 19.Qd2 f5 20.exf5 Rxf5 21.Ne4 Raf8 22.Rf1 Nf4
23.g3 Nh5 24.Qe2 Nf6 25.Ng5 h6 26.Nh3 Rh5 27.Nf2 g5 28.c5 d5 29.Ng4 Qc7 30.f4 gxf4
31.Bxf4 Bxf4 32.Nxf6+ Rxf6 33.Qxh5 Bxc1 34.Rxf6 Qxc5+ 35.Kg2  1-0

[Event "27th Avoine Open"]
[Site "Avoine FRA"]
[Date "2012.07.27"]
[Round "7.11"]
[White "Perrin,G"]
[Black "Ribeiro,Ro"]
[Result "1-0"]
[WhiteElo "2349"]
[BlackElo "2204"]

1.e4 c5 2.Nf3 d6 3.Bb5+ Nd7 4.d4 cxd4 5.Qxd4 a6 6.Bxd7+ Bxd7 7.Nc3 Nf6 8.Bg5 Rc8
9.O-O-O h6 10.Bxf6 gxf6 11.Nd5 Qa5 12.Kb1 Qc5 13.Qxc5 Rxc5 14.Nd4 Rg8 15.Rhg1 h5
16.Nb3 Rc4 17.Na5 Rxe4 18.Nxb7 Bg7 19.Nc7+ Kf8 20.Nc5 dxc5 21.Rxd7 Bh6 22.Rd8+ Kg7
23.Rxg8+ Kxg8 24.Nxa6 c4 25.Nb4 Re2 26.Rf1 e6 27.Nc6 f5 28.a4 Rd2 29.Ne5 c3
30.bxc3 Rd5 31.Nc4 Rc5 32.Nb2 Rxc3 33.Rd1 Bg7 34.Rd3 Rc8 35.Ra3 Rb8 36.c3 Bf8
37.Ra2 e5 38.Kc2 e4 39.Nc4 Bc5 40.Ne3 f4 41.Nd5 e3 42.fxe3 fxe3 43.Kd3 Rd8
44.c4 Kg7 45.Rb2 Ra8 46.Rb5 Re8 47.Ke2 Ba7 48.Rb3 Re4 49.Nxe3 Bxe3 50.Rxe3 Rxc4
51.Ra3 Rc2+ 52.Kf3 Kf6 53.a5 Rc7 54.a6 Ra7 55.Kf4 Kg6 56.Ra5 f5 57.Ra3 Kf6
58.h4 Ke6 59.Ra5 Kf6 60.Rxf5+ Kg6 61.Rg5+ Kh6 62.Ra5  1-0

[Event "30th Andorra Open"]
[Site "Erts-La Massana AND"]
[Date "2012.07.27"]
[Round "7.7"]
[White "Dgebuadze,A"]
[Black "Burg,T"]
[Result "1/2-1/2"]
[WhiteElo "2563"]
[BlackElo "2470"]

1.e4 c5 2.Nf3 d6 3.Bb5+ Bd7 4.Bxd7+ Qxd7 5.c4 Nf6 6.Nc3 g6 7.O-O Bg7 8.d4 cxd4
9.Nxd4 O-O 10.f3 Rc8 11.b3 d5 12.exd5 Nxd5 13.Nxd5 e6 14.Bh6 exd5 15.Bxg7 Kxg7
16.cxd5 Qxd5 17.Ne2 Qxd1 18.Rfxd1 Na6 19.Rac1 Rxc1 20.Rxc1 Rd8 21.Rc4 Rd2
22.Nc3 Rc2 23.a3 Nb8 24.Nb5 Rxc4 25.bxc4 Nc6 26.c5 Kf6 27.Nd6 Nd8 28.Kf2 Ke5
29.Ke3 f5 30.Nb5 a6 31.Nc7 g5 32.Kd3 h5 33.Kc4 g4 34.Nd5 h4 35.fxg4 fxg4
36.g3 hxg3 37.hxg3 Ke4 38.Nf6+ Kf5 39.Nd5 Ke4 40.Nf6+ Kf3 41.Kd5 Kxg3 42.Kd6 Kf3
43.Nxg4 Kxg4 44.Kc7 Ne6+ 45.Kxb7 Nxc5+ 46.Kb6 Nb3 47.Kxa6 Kf5 48.Kb5 Ke6
49.a4 Kd7 50.a5 Nxa5 51.Kxa5  1/2-1/2

[Event "21st Kavala Open A"]
[Site "Kavala GRE"]
[Date "2012.07.27"]
[Round "3"]
[White "Papaioannou,I"]
[Black "Nitin,S"]
[Result "1-0"]
[WhiteElo "2597"]
[BlackElo "2417"]

1.e4 c5 2.Nf3 d6 3.Bb5+ Nd7 4.c3 Nf6 5.Qe2 a6 6.Ba4 e5 7.O-O Be7 8.d4 O-O
9.Rd1 Qc7 10.Bxd7 Bxd7 11.dxe5 dxe5 12.c4 b5 13.b3 b4 14.Bb2 Bc6 15.Nbd2 Nd7
16.Nf1 f5 17.exf5 e4 18.N3d2 Bf6 19.Bxf6 Nxf6 20.Ng3 Rfe8 21.Ndf1 Rad8 22.Ne3 Qe5
23.a3 a5 24.axb4 cxb4 25.Qa2 a4 26.bxa4 Rd3 27.Rab1 Red8 28.c5+ Kf8 29.Rdc1 Nd5
30.Nxd5 R8xd5 31.Nf1 Rxc5 32.Rxc5 Qxc5 33.Qe6 Bd5 34.Qe5 b3 35.f6 gxf6 36.Qxf6+ Bf7
37.Ne3 Qd4 38.Qh6+ Kg8 39.h4 b2 40.Qf4 Bb3 41.a5 Qc3 42.Qg5+ Kh8 43.Qe7 h6
44.Qa3 Rd2 45.a6 Qf6 46.Ng4 Qd8 47.Qxb3  1-0

[Event "21st Kavala Open A"]
[Site "Kavala GRE"]
[Date "2012.07.27"]
[Round "4"]
[White "Stany,G"]
[Black "Damljanovic,B"]
[Result "1/2-1/2"]
[WhiteElo "2393"]
[BlackElo "2564"]

1.e4 c5 2.Nf3 d6 3.Bb5+ Nd7 4.d4 Nf6 5.Nc3 a6 6.Bxd7+ Nxd7 7.O-O e6 8.Bg5 Qc7
9.Re1 cxd4 10.Qxd4 Ne5 11.Nxe5 dxe5 12.Qd2 f6 13.Be3 Bd7 14.Rad1 Bc6 15.f3 Kf7
16.Qf2 b5 17.Bb6 Qb7 18.Ne2 Be7 19.Nc1 Rhc8 20.Nb3 Be8 21.Na5 Qb8 22.c3 b4
23.c4 Qxb6 24.Qxb6 Bc5+ 25.Qxc5 Rxc5 26.Nb7 Rc7 27.Nd6+ Ke7 28.Nxe8 Rxe8
29.b3 a5 30.Rd3 a4 31.Red1 axb3 32.axb3 Ra8 33.Kf2 h5 34.Ke2 Ra3 35.R1d2 h4
36.Rc2 Ra5 37.Rdd2 Ra3 38.Rd3 Rd7 39.Rcd2 Rxd3 40.Rxd3 Ra1 41.Rd1 Ra5 42.Rd2 Ra3
43.Rd3 g5 44.c5 Ra5 45.c6 Rc5 46.Rd7+ Ke8 47.Rb7 h3 48.gxh3 Rxc6 49.Kf2 Rc2+
50.Kg3 f5 51.exf5 exf5 52.Rxb4 Kf7 53.Rb6 Rc3 54.Kg2 f4 55.b4 Rc2+ 56.Kg1 Rb2
57.b5 Ke7 58.Rg6 Rxb5 59.Rxg5 Kf6 60.h4 Rb8 61.Kg2 Rb2+ 62.Kg1 Rb8 63.Kg2 Ra8
64.Rh5 Ra2+ 65.Kg1 Ra1+ 66.Kg2 Ra2+  1/2-1/2

[Event "TCh-CRC Premier 2012"]
[Site "San Jose CRC"]
[Date "2012.07.27"]
[Round "6.1"]
[White "Jimenez,Alo"]
[Black "Leyva,H"]
[Result "1/2-1/2"]
[WhiteElo "2137"]
[BlackElo "2389"]

1.e4 c5 2.Nf3 d6 3.Bb5+ Bd7 4.Bxd7+ Qxd7 5.O-O Nc6 6.c3 Nf6 7.d4 cxd4 8.cxd4 d5
9.e5 Ng8 10.Nc3 e6 11.Be3 Nge7 12.Rc1 h6 13.Qa4 Nc8 14.Ne1 Be7 15.Nd3 O-O
16.Qd1 Nb6 17.Qg4 Kh7 18.b3 f5 19.exf6 Rxf6 20.Ne2 Raf8 21.Nef4 Bd6 22.Nh5 Rg6
23.Qh3 e5 24.Qxd7 Nxd7 25.dxe5 Ndxe5 26.Nhf4 Nxd3 27.Nxd3 d4 28.Bd2 Re6 29.Rfe1 Rfe8
30.f4 Re2 31.Rcd1 Rxe1+ 32.Rxe1 Rxe1+ 33.Bxe1 g5 34.fxg5 hxg5 35.h3 Kg6 36.Kf2 Kf5
37.Kf3 Ke6 38.Ke4 b6 39.Bf2 Bc5 40.g3 Ne7 41.g4 Nc6 42.h4 gxh4 43.Bxh4 a5
44.Bf2 Kf6 45.Kd5 Ne7+ 46.Kc4 Kg5 47.Nxc5 bxc5 48.Kxc5 d3 49.Kc4 Nc6 50.Kxd3 Nb4+
51.Kc4 Nxa2 52.Be1 Kxg4 53.Bxa5 Kf3 54.Bc3 Ke2 55.b4  1/2-1/2

[Event "21st Kavala Open A"]
[Site "Kavala GRE"]
[Date "2012.07.28"]
[Round "5"]
[White "Makka,E"]
[Black "Filippas,S"]
[Result "0-1"]
[WhiteElo "2088"]
[BlackElo "2263"]

1.e4 c5 2.Nf3 d6 3.Bb5+ Nc6 4.O-O Bd7 5.Re1 Nf6 6.c3 a6 7.Ba4 b5 8.Bc2 Bg4
9.d3 e6 10.h3 Bh5 11.Nbd2 Be7 12.Nf1 O-O 13.Ng3 Bg6 14.Nh4 d5 15.Nxg6 hxg6
16.e5 Nd7 17.d4 Rc8 18.Ne2 Qc7 19.Bb1 Nb6 20.h4 Bxh4 21.g3 Be7 22.Kg2 cxd4
23.cxd4 Nd7 24.Rh1 Rfe8 25.Qg1 Nf8 26.Qh2 f5 27.g4 Kf7 28.Qh3 Qd7 29.Be3 Nb4
30.Nc3 Rc4 31.Qf3 Rd8 32.a3 Nc6 33.Ne2 Nxe5 34.dxe5 Rxg4+ 35.Kf1 Qc7 36.Bf4 Nd7
37.Qe3 Bc5 38.Qc1 d4 39.f3 Qb7 40.Be4 fxe4 41.fxg4 e3 42.Kg1 g5 43.Bg3 d3
44.Qf1+ Ke7 45.Rh7 Rg8 46.Qg2 Qxg2+ 47.Kxg2 dxe2 48.Re1 Bd4 49.Rxe2 Nxe5
50.Bxe5 Bxe5 51.Kf3 Bf4 52.Rc2 Kf6 53.Rc6 Rd8 54.Rc2 Rd1 55.Rh8 Rf1+ 56.Kg2 Rd1
57.Re2 Ke5 58.Re8 Rd6 59.Kf3 Kd4 60.Re1 Kc4 61.Rc8+ Kb3 62.Re2 Rd2 63.Rc6 a5
64.Rc5 Ka4 65.Rc3 b4 66.axb4 axb4 67.Rc5 Kb3 68.Rb5 e5 69.Re1 Rxb2 70.Rb7 Rf2+
71.Ke4 e2 72.Rb1+ Kc2 73.R7xb4 Bc1  0-1

[Event "24th ch-Southern California 2012"]
[Site "Monterey Park USA"]
[Date "2012.07.28"]
[Round "6"]
[White "Akopyan,H"]
[Black "Yanayt,E"]
[Result "1-0"]
[WhiteElo "2208"]
[BlackElo "2270"]

1.e4 c5 2.Nf3 d6 3.Bb5+ Bd7 4.Bxd7+ Qxd7 5.O-O Nc6 6.Qe2 Nf6 7.Rd1 e6 8.d4 cxd4
9.Nxd4 Rc8 10.Bg5 Be7 11.c4 h6 12.Bxf6 Bxf6 13.Nb5 Be5 14.c5 O-O 15.N1c3 a6
16.Nxd6 Nd4 17.Qd3 Rxc5 18.f4 Bxd6 19.Qxd4 Rc6 20.Kh1 Qe7 21.e5 Bc7 22.Ne4 Qh4
23.Qb4 Rb6 24.Qc3 Rc6 25.Qf3 Rc8 26.Rd7 Bb6 27.Rad1 Rc1 28.g3 Qh3 29.Nc3 Rc2
30.R7d2 Rxd2 31.Rxd2 Rd8 32.Rxd8+ Bxd8 33.Ne4 Bb6 34.Nd6 Bd4 35.b3 h5 36.Ne4 h4
37.Ng5 Qf5 38.Qxb7 g6 39.Qe4 Qxe4+ 40.Nxe4 hxg3 41.hxg3 Kf8 42.Kg2 Bb6 43.Kf3 Ke7
44.Ke2 Kd7 45.Kd3 Bg1 46.b4 Kc6 47.a4 Kd5 48.g4 Bh2 49.Nf6+ Kc6 50.Ke4 Kc7
51.Nh7 Kd7 52.Ng5 Ke7 53.Nf3 Bg3 54.Ke3 Ke8 55.b5 axb5 56.axb5 Kd7 57.Ng5 Ke7
58.b6  1-0

[Event "TCh-CRC Premier 2012"]
[Site "San Jose CRC"]
[Date "2012.07.28"]
[Round "8.3"]
[White "Zumbado Gutierrez,Marco A."]
[Black "Flores Rojas,Federico"]
[Result "1-0"]
[WhiteElo "2042"]
[BlackElo "1929"]

1.e4 c5 2.Nf3 d6 3.Bb5+ Bd7 4.Bxd7+ Qxd7 5.O-O g6 6.Qe2 Bg7 7.Rd1 Nc6 8.c3 d5
9.e5 d4 10.d3 e6 11.Nbd2 Nge7 12.Nb3 b6 13.cxd4 Nxd4 14.Nbxd4 cxd4 15.b3 O-O
16.Ba3 Rfd8 17.Bxe7 Qxe7 18.Qe4 Rac8 19.Rdc1 Qa3 20.Qf4 f5 21.exf6 Bxf6 22.Rxc8 Rxc8
23.g4 Qe7 24.g5 Bg7 25.Re1 Rf8 26.Qe4 Qf7 27.Kg2 e5 28.Rc1 Qe7 29.h4 Qd7
30.Nxe5 Bxe5 31.Qxe5 Qg4+ 32.Qg3 Qe2 33.a4 Qb2 34.Rc4 Qxb3 35.Rxd4 Qc2 36.Qe3 Qc6+
37.Qe4 Qxe4+ 38.dxe4 Re8 39.f4 Re7 40.Kf3 Rc7 41.f5 Rc3+ 42.Kg4  1-0

[Event "PAB Romania Open 2012"]
[Site "Arad ROU"]
[Date "2012.07.29"]
[Round "3.12"]
[White "Peptan,C"]
[Black "Cvetanovic,U"]
[Result "1-0"]
[WhiteElo "2420"]
[BlackElo "2225"]

1.e4 c5 2.Nf3 d6 3.Bb5+ Bd7 4.Bxd7+ Qxd7 5.c4 Nf6 6.Nc3 Nc6 7.d4 cxd4 8.Nxd4 g6
9.h3 Bg7 10.Be3 O-O 11.O-O a6 12.a4 Rac8 13.b3 e6 14.Rc1 Rfd8 15.Qf3 Na5
16.Bg5 Qe7 17.Rfe1 h6 18.Bh4 g5 19.Bg3 Nd7 20.Nce2 Ne5 21.Qe3 Ng6 22.Red1 Qe8
23.Nf3 Qe7 24.Rd3 Ne5 25.Rdd1 Nac6 26.Nfd4 Na5 27.Rc2 b6 28.f3 Nb7 29.Be1 Qc7
30.h4 Qe7 31.hxg5 hxg5 32.Ng3 Ng6 33.Nde2 Nc5 34.Bd2 Bh6 35.a5 bxa5 36.Bxa5 Rd7
37.Nh5 Kh7 38.Bc3 e5 39.Bb4 Rb7 40.Bxc5 dxc5 41.g4 Rcb8 42.Nc1 Rd8 43.Rd5 Rc8
44.Rh2 Nf4 45.Nxf4 gxf4 46.Qc3 f6 47.Nd3 Kg7 48.Nxe5 Rh8 49.Nd3 Rd7 50.g5  1-0

[Event "Caissa GM July 2012"]
[Site "Kecskemet HUN"]
[Date "2012.07.29"]
[Round "9.3"]
[White "Idani,P"]
[Black "Aczel,G"]
[Result "1/2-1/2"]
[WhiteElo "2473"]
[BlackElo "2433"]

1.e4 c5 2.Nf3 d6 3.Bb5+ Bd7 4.Bxd7+ Qxd7 5.O-O Nf6 6.Qe2 Nc6 7.Rd1 Rc8 8.c3 e6
9.d4 cxd4 10.Bg5 Be7 11.cxd4 O-O 12.Nc3 h6 13.Bh4 d5 14.Ne5 Qe8 15.Bxf6 Bxf6
16.exd5 exd5 17.Nxd5 Bxe5 18.dxe5 Nxe5 19.Re1 Ng6 20.Qd3 Qc6 21.Rad1  1/2-1/2

[Event "Platonov Memorial 2012"]
[Site "Rockville USA"]
[Date "2012.07.29"]
[Round "2.3"]
[White "Palatnik,S"]
[Black "Gurevich,M"]
[Result "1/2-1/2"]
[WhiteElo "2448"]
[BlackElo "2596"]

1.e4 c5 2.Nf3 d6 3.Bb5+ Bd7 4.Bxd7+ Qxd7 5.c4 Nf6 6.Nc3 Nc6 7.d4 cxd4 8.Nxd4 g6
9.f3 Bg7 10.Be3 O-O 11.Rc1  1/2-1/2

[Event "45th Biel Masters Open"]
[Site "Biel SUI"]
[Date "2012.07.30"]
[Round "7"]
[White "Gara,A"]
[Black "Das,Arg"]
[Result "1-0"]
[WhiteElo "2312"]
[BlackElo "2485"]

1.e4 c5 2.Nf3 d6 3.Bb5+ Nd7 4.d4 Nf6 5.Nc3 a6 6.Bxd7+ Nxd7 7.Bg5 h6 8.Bh4 Qa5
9.O-O g5 10.Bg3 Bg7 11.Re1 cxd4 12.Nxd4 Ne5 13.Nf5 Bxf5 14.exf5 O-O 15.h4 Rfe8
16.hxg5 hxg5 17.Bxe5 Bxe5 18.Qg4 Bxc3 19.bxc3 Qxc3 20.Qxg5+ Qg7 21.Qh5 Rac8
22.Rad1 Kf8 23.Rd3 Rc3 24.Rxc3 Qxc3 25.Re3 Qa1+ 26.Kh2 Rc8 27.c3 Ke8 28.Qg5 Rc7
29.f6  1-0

[Event "Politiken Cup 2012"]
[Site "Helsingor DEN"]
[Date "2012.07.30"]
[Round "4.62"]
[White "Pallesen,Ja"]
[Black "Brorsen,J"]
[Result "0-1"]
[WhiteElo "1975"]
[BlackElo "2121"]

1.e4 c5 2.Nf3 d6 3.Bb5+ Nc6 4.Bxc6+ bxc6 5.O-O e5 6.Qe2 Be7 7.c3 a5 8.Rd1 Ba6
9.d3 g5 10.Qe3 g4 11.Ne1 h6 12.f4 gxf3 13.Nxf3 Nf6 14.d4 Ng4 15.Qe1 cxd4
16.cxd4 exd4 17.h3 Ne5 18.Nxd4 Rg8 19.Kh2 Bh4 20.Qc3 Rg3 21.Qxg3 Bxg3+ 22.Kxg3 Qf6
23.Nc3 O-O-O 24.Be3 Rg8+ 25.Kh2 Qg6 26.g4 Nxg4+ 27.hxg4 Qxg4 28.Nxc6 Qg2+  0-1

[Event "21st Kavala Open A"]
[Site "Kavala GRE"]
[Date "2012.07.30"]
[Round "7"]
[White "Neelotpal,D"]
[Black "Sethuraman,S"]
[Result "0-1"]
[WhiteElo "2456"]
[BlackElo "2535"]

1.e4 c5 2.Nf3 d6 3.Bb5+ Nc6 4.O-O Bd7 5.Re1 Nf6 6.c3 a6 7.Bxc6 Bxc6 8.d4 Bxe4
9.Bg5 Bc6 10.Bxf6 gxf6 11.d5 Bd7 12.Nh4 Rg8 13.Qf3 Qb6 14.Nd2 O-O-O 15.b4 e6
16.Ne4 Bg7 17.bxc5 dxc5 18.Rab1 Qc7 19.dxe6 Bc6 20.exf7 Qxf7 21.Qf5+ Kb8
22.Nxc5 Rd5 23.Qf4+ Ka7 24.Ne6 f5 25.c4 Rd3 26.Re3 Rxe3 27.Qxe3+ Ka8 28.Nxg7 Qxg7
29.f3 Re8 30.Qf2 Qf6 31.Rd1 f4 32.g3 Qc3 33.c5 fxg3 34.hxg3 Re3 35.Kg2 Qe5
36.Rd8+ Ka7 37.Rd2 h5 38.Kh2 Rc3 39.Rc2 Re3 40.Ng6 Qf5 41.Nh4 Qe6 42.Kg2 Qe5
43.Kh2 Rd3 44.Rb2 Rd1 45.Rc2 a5 46.Kg2 a4 47.Ng6 Qd4 48.Nh4 Qd3 49.Kh2 a3
50.Ng2 Rf1 51.Qd2 Qxd2 52.Rxd2 Bxf3 53.g4 hxg4 54.Ne3 Rb1 55.Nc4 Bc6 56.Kg3 Rg1+
57.Kf4 g3 58.Ne5 Bh1 59.Rd3 g2 60.Nd7 Ka6 61.Rxa3+ Kb5 62.Rb3+ Kc6 63.Ne5+ Kc7
64.Rh3 Rf1+ 65.Nf3 Rxf3+  0-1

[Event "Dutch Open 2012"]
[Site "Dieren NED"]
[Date "2012.07.31"]
[Round "7.17"]
[White "Ypma,P"]
[Black "Von Meijenfeldt,Bart"]
[Result "1-0"]
[WhiteElo "2175"]
[BlackElo "2123"]

1.e4 c5 2.Nf3 d6 3.Bb5+ Nd7 4.d4 a6 5.Bxd7+ Bxd7 6.Nc3 Nf6 7.Bg5 h6 8.Bxf6 gxf6
9.dxc5 dxc5 10.Qd5 Qc7 11.O-O-O h5 12.Kb1 e6 13.Qd3 O-O-O 14.Nd2 Bc6 15.Qe2 Bh6
16.h4 Qf4 17.Nb3 Rxd1+ 18.Rxd1 Qxh4 19.Nxc5 Qg5 20.b4 Rd8 21.Rxd8+ Kxd8 22.a4 Ke8
23.g3 Qc1+ 24.Ka2 Qd2 25.Kb3 Qd4 26.f4 Bf8 27.Qc4 Qd6 28.a5 f5 29.exf5 exf5
30.Qe2+ Kd8 31.Qxh5 Qf6 32.Qd1+ Kc8 33.Nd5 Qg6 34.Nb6+ Kc7 35.Na8+ Kc8 36.Nb6+ Kc7
37.Qd3 Bg7 38.Nc4 Qh5 39.Qd6+ Kc8 40.Nb6+  1-0

[Event "Politiken Cup 2012"]
[Site "Helsingor DEN"]
[Date "2012.07.31"]
[Round "5.1"]
[White "Popovic,Du"]
[Black "Cheparinov,I"]
[Result "0-1"]
[WhiteElo "2579"]
[BlackElo "2677"]

1.e4 c5 2.Nf3 d6 3.Bb5+ Nd7 4.c3 Nf6 5.Qe2 a6 6.Ba4 e5 7.O-O Be7 8.d4 O-O
9.Rd1 Qc7 10.Bc2 b5 11.a4 b4 12.dxe5 Nxe5 13.Nxe5 dxe5 14.Nd2 bxc3 15.bxc3 c4
16.Qxc4 Qa7 17.Qe2 a5 18.Nf3 Qc7 19.Bd3 Be6 20.Rb1 Rfd8 21.Be3 Rab8 22.Rxb8 Rxb8
23.Rb1 Rxb1+ 24.Bxb1 Qxc3 25.Qc2 Qa1 26.Bc1 Bd7 27.Bb2 Qxa4 28.Qxa4 Bxa4
29.Bc3 Bd8 30.Nxe5 Bb5 31.g3 a4 32.Bd4 Nd7 33.Nxd7 Bxd7 34.Kf1 Bg4 35.Bc5 Bf6
36.Bc2 Bd7 37.Ba3 Bb5+ 38.Ke1 Bc3+ 39.Kd1 Bd4 40.f3 h5 41.Kd2 g5 42.Bd3 Bd7
43.Ke2 h4 44.gxh4 gxh4 45.f4 Bg1 46.Kf3 Bxh2 47.f5 f6 48.Kg4 Bg3 49.Bb2 Kg7
50.Ba3 Bc6 51.Kh3 Kf7 52.Kg4 Ke8 53.Bc4 Kd7 54.e5 Bxe5 55.Kxh4 Bd6 56.Bb2 Ke7
57.Kh5 a3 58.Bc3 Be8+ 59.Kh6 Bf7 60.Kg7 Bxc4 61.Bxf6+ Kd7 62.Bc3 Kc6  0-1

[Event "Politiken Cup 2012"]
[Site "Helsingor DEN"]
[Date "2012.07.31"]
[Round "5.106"]
[White "Jensen,Simon Stibolt"]
[Black "Moller,A"]
[Result "1/2-1/2"]
[WhiteElo "1687"]
[BlackElo "1895"]

1.e4 c5 2.Nf3 d6 3.Bb5+ Bd7 4.Bxd7+ Qxd7 5.O-O Nc6 6.Nc3 g6 7.d3 Bg7 8.Be3 Nd4
9.Bd2 e6 10.Rb1 Ne7 11.Nxd4 cxd4 12.Ne2 O-O 13.c3 dxc3 14.Bxc3 Rac8 15.Rc1 Rc7
16.Qd2 Rfc8 17.Bxg7 Kxg7 18.Rxc7 Rxc7 19.Rc1 Rxc1+ 20.Qxc1 Qb5 21.Qc3+ e5
22.Kf1 Nc6 23.a3 a5 24.b3 Qc5 25.Qb2 b5 26.Ke1 b4 27.a4 f5 28.Kf1 f4 29.Nxf4 Nd4
30.Ne2 Kf6 31.h3 Ke6 32.h4 d5 33.g3 Kd6 34.f4 dxe4 35.Nxd4 exd4 36.dxe4 Ke6
37.e5 d3 38.Qf2 Qc1+ 39.Kg2 Qc2 40.Kf3 Qd1+ 41.Ke4 Qe2+ 42.Qe3  1/2-1/2

[Event "Dutch Open 2012"]
[Site "Dieren NED"]
[Date "2012.08.01"]
[Round "8.2"]
[White "Hendriks,W"]
[Black "Smeets,J"]
[Result "0-1"]
[WhiteElo "2422"]
[BlackElo "2620"]

1.e4 c5 2.Nf3 d6 3.Bb5+ Nc6 4.Bxc6+ bxc6 5.O-O e5 6.c3 f5 7.exf5 Be7 8.d4 e4
9.Re1 exf3 10.Qxf3 d5 11.Bg5 Kf7 12.Rxe7+ Nxe7 13.Nd2 Qd6 14.dxc5 Qe5 15.Qh5+ g6
16.Nf3 Qg7 17.f6 gxh5 18.Ne5+ Ke6 19.fxg7 Rg8 20.Re1 Nf5 21.Nxc6+ Kf7 22.Bf4 Kxg7
23.f3 Bd7 24.Ne5 Bb5 25.g4 hxg4 26.fxg4 Nh4 27.Bg3 Ng6 28.Nxg6 Kxg6 29.Re5 Rad8
30.c6 Rgf8 31.c7 Rde8 32.Rxd5 Rf1+ 33.Kg2 Bc6 34.Kxf1 Bxd5 35.b3 Be6 36.h3 Kf6
37.c4 Ke7 38.Ke2 Kd7 39.Kd3 Bf7 40.b4 Bg6+  0-1